Physics (XII) (Record no. 9382)

000 -LEADER
fixed length control field 00361 a2200145 4500
040 ## - CATALOGING SOURCE
Original cataloging agency DLC
Language of cataloging DLC
082 ## - DEWEY DECIMAL CLASSIFICATION NUMBER
Classification number 530
100 ## - MAIN ENTRY--PERSONAL NAME
Personal name Fouzia Saleemi.
245 ## - TITLE STATEMENT
Title Physics (XII)
Statement of responsibility, etc. Fouzia Saleemi
260 ## - PUBLICATION, DISTRIBUTION, ETC.
Place of publication, distribution, etc. Lahore:
Name of publisher, distributor, etc. Punjab textbook Board,
Date of publication, distribution, etc. 2005.
300 ## - PHYSICAL DESCRIPTION
Extent 268 p. :
Other physical details ill. ;
Dimensions 24 cm.
500 ## - GENERAL NOTE
General note Includes Index
650 ## - SUBJECT ADDED ENTRY--TOPICAL TERM
Topical term or geographic name entry element Physics.
942 ## - ADDED ENTRY ELEMENTS (KOHA)
Koha item type Book
Call number prefix 530 FOU
Source of classification or shelving scheme
Holdings
Withdrawn status Lost status Damaged status Not for loan Collection code Permanent Location Current Location Shelving location Date acquired Source of acquisition Cost, normal purchase price Total Checkouts Full call number Barcode Date last seen Date last checked out Price effective from Koha item type Total Renewals
          Central Library (CL) Central Library (CL) General Stacks 10/07/2005 Academic Book company 62.00 1 530 FOU SEECS006524 02/14/2024 12/18/2019 01/05/2017 Book  
          Central Library (CL) Central Library (CL) General Stacks 10/07/2005 Academic Book company 62.00 5 530 FOU SEECS006523 10/13/2023 08/26/2022 01/05/2017 Book 2
© 2023 Central Library, National University of Sciences and Technology. All Rights Reserved.